Co dělat. Jaká práva a povinnosti má nezaměstnaný.
Vo všetkých okresoch ČSFR sa už pripravili úrady práce, aby pomohli riešiť otázky nezamestnanosti. Informácia o tom, ako má záujemca o zamestnanie postupovať, aké nároky si môže uplatňovať a aké sú možnosti rekvalifikácie.
Saved in:
| Main Author: | |
|---|---|
| Other Authors: | |
| Format: | Book Chapter |
| Language: | Czech |
| Subjects: | |
| Tags: |
No Tags, Be the first to tag this record!
|
MARC
| LEADER | 00000naa a2200000 4500 | ||
|---|---|---|---|
| 001 | r002230 | ||
| 005 | 20221125075947.8 | ||
| 041 | 0 | |a cze | |
| 044 | |a [CS] | ||
| 245 | 1 | 0 | |a Co dělat. |b Jaká práva a povinnosti má nezaměstnaný. |c P. Císařová, Z. Knězů |
| 520 | |a Vo všetkých okresoch ČSFR sa už pripravili úrady práce, aby pomohli riešiť otázky nezamestnanosti. Informácia o tom, ako má záujemca o zamestnanie postupovať, aké nároky si môže uplatňovať a aké sú možnosti rekvalifikácie. | ||
| 610 | 2 | 0 | |a nezamestnanosť |
| 610 | 2 | 0 | |a úrady |
| 610 | 2 | 0 | |a rekvalifikácia |
| 610 | 2 | 0 | |a prídavky na deti |
| 610 | 2 | 0 | |a ČSFR |
| 100 | 1 | |a Císařová, P. | |
| 700 | 1 | |a Knězů, Z. | |